UM Logo

Antas ng Kaalaman ng Mag-aaral sa Kulturang Pilipino Sa Pagpapahalaga ng Pamilya sa Unibersidad ng Mindanao digos College. (Record no. 6367)

MARC details
000 -LEADER
fixed length control field 00632nam a22001577a 4500
008 - FIXED-LENGTH DATA ELEMENTS--GENERAL INFORMATION
fixed length control field 170309b xxu||||| |||| 00| 0 eng d
082 ## - DEWEY DECIMAL CLASSIFICATION NUMBER
Edition number 2016
Classification number UT 0707
Item number G36
100 ## - MAIN ENTRY--PERSONAL NAME
9 (RLIN) 19156
Personal name Giger, Glenn E.
245 ## - TITLE STATEMENT
Title Antas ng Kaalaman ng Mag-aaral sa Kulturang Pilipino Sa Pagpapahalaga ng Pamilya sa Unibersidad ng Mindanao digos College.
Statement of responsibility, etc. Glenn E. Giger, Hanelyn S. Milliones and Rainida C. Solutan.
300 ## - PHYSICAL DESCRIPTION
Extent 50 pages;
Other physical details 28 cm.
650 #0 - SUBJECT ADDED ENTRY--TOPICAL TERM
9 (RLIN) 19157
Topical term or geographic name as entry element Education
Form subdivision Filipino
General subdivision Undergraduate Thesis.
700 ## - ADDED ENTRY--PERSONAL NAME
9 (RLIN) 19158
Personal name Giger, Glenn E.
700 ## - ADDED ENTRY--PERSONAL NAME
9 (RLIN) 19159
Personal name Milliones, Hanelyn S.
700 ## - ADDED ENTRY--PERSONAL NAME
9 (RLIN) 19160
Personal name Solutan, Rainida C.
942 ## - ADDED ENTRY ELEMENTS (KOHA)
Source of classification or shelving scheme Dewey Decimal Classification
Koha item type Undergraduate Thesis
Holdings
Withdrawn status Lost status Source of classification or shelving scheme Damaged status Not for loan Home library Current library Date acquired Total Checkouts Full call number Barcode Date last seen Copy number Price effective from Koha item type
    Dewey Decimal Classification     UM Digos College - LIC UM Digos College - LIC 11/07/2016   UT 0707 G36 2016 UT0707 03/09/2017 1 03/09/2017 Undergraduate Thesis
    Dewey Decimal Classification     UM Digos College - LIC UM Digos College - LIC 02/27/2017   UT 0743 G36 2016 UT0743 04/24/2017 2 04/24/2017 Undergraduate Thesis
    Dewey Decimal Classification     UM Digos College - LIC UM Digos College - LIC 02/27/2017   UT 0744 G36 2016 UT0744 04/24/2017 3 04/24/2017 Undergraduate Thesis